| 000 | 00352nam a2200121Ia 4500 | ||
|---|---|---|---|
| 008 | 230907s9999||||xx |||||||||||||| ||und|| | ||
| 082 |
_a532.5 _bSHA |
||
| 100 |
_aShapiro, Ascher H. _979776 |
||
| 245 | 4 | _aThe dynamics and thermodynamics of compressible fluid flow/ | |
| 260 |
_aRonald Press Comp _bNew York _c1993 |
||
| 300 | _axiii,647p.: | ||
| 942 | _cBK | ||
| 999 |
_c597847 _d597847 |
||